<?xml version="1.0" encoding="UTF-8"?><?xml-stylesheet type="text/xsl" href="static/style.xsl"?><OAI-PMH xmlns="http://www.openarchives.org/OAI/2.0/" xmlns:xsi="http://www.w3.org/2001/XMLSchema-instance" xsi:schemaLocation="http://www.openarchives.org/OAI/2.0/ http://www.openarchives.org/OAI/2.0/OAI-PMH.xsd"><responseDate>2026-06-07T07:14:38Z</responseDate><request verb="GetRecord" identifier="oai:riuma.uma.es:10630/45001" metadataPrefix="marc">https://riuma.uma.es/rest/oai/request</request><GetRecord><record><header><identifier>oai:riuma.uma.es:10630/45001</identifier><datestamp>2026-01-30T00:46:27Z</datestamp><setSpec>com_10630_2254</setSpec><setSpec>col_10630_37953</setSpec></header><metadata><record xmlns="http://www.loc.gov/MARC21/slim" xmlns:dcterms="http://purl.org/dc/terms/" xmlns:doc="http://www.lyncode.com/xoai" xmlns:xsi="http://www.w3.org/2001/XMLSchema-instance" xsi:schemaLocation="http://www.loc.gov/MARC21/slim http://www.loc.gov/standards/marcxml/schema/MARC21slim.xsd">
   <leader>00925njm 22002777a 4500</leader>
   <datafield ind2=" " ind1=" " tag="042">
      <subfield code="a">dc</subfield>
   </datafield>
   <datafield ind2=" " ind1=" " tag="720">
      <subfield code="a">Borroto Escuela, Dasiel Óscar</subfield>
      <subfield code="e">author</subfield>
   </datafield>
   <datafield ind2=" " ind1=" " tag="720">
      <subfield code="a">García-Negredo, Gloria</subfield>
      <subfield code="e">author</subfield>
   </datafield>
   <datafield ind2=" " ind1=" " tag="720">
      <subfield code="a">Garriga, Pere</subfield>
      <subfield code="e">author</subfield>
   </datafield>
   <datafield ind2=" " ind1=" " tag="720">
      <subfield code="a">Fuxe, Kjell</subfield>
      <subfield code="e">author</subfield>
   </datafield>
   <datafield ind2=" " ind1=" " tag="720">
      <subfield code="a">Ciruela, Francisco</subfield>
      <subfield code="e">author</subfield>
   </datafield>
   <datafield ind2=" " ind1=" " tag="260">
      <subfield code="c">2010-04-14</subfield>
   </datafield>
   <datafield ind2=" " ind1=" " tag="520">
      <subfield code="a">Besides some pharmacological, biochemical and biophysical evidences support the contention that muscarinic acetylcholine receptors can form homo- and heterodimers, the existence of specific M3 and M5 muscarinic receptors oligomers in living cells is a new concept. Interestingly, this phenomenon might have relevance in lymphocytic cholinergic function since both T- and B-cells naturally express high levels of these two receptor subtypes. Here, by means of co-immunoprecipitation and bioluminescence resonance energy transfer methods we demonstrated that M3 and M5 muscarinic receptors could form constitutive homo- and heterodimers in transiently transfected HEK-293T cells. Interestingly, this receptor-receptor interaction was unaltered by carbachol treatment but it was affected by the expression of a peptide corresponding to a portion of the third intracellular loop of the M5 muscarinic receptor. In addition, the same peptide was able to abrogate the carbachol-induced mitogen-activated protein kinase phosphorylation and the carbachol-enhanced PHA-induced IL-2 production in derived lymphocytic T cells. Overall, these results suggest that the third intracellular loop of the M5 muscarinic receptor might play a regulatory role in receptor function and heteromerization, thus providing the molecular framework for a potential cholinergic-based therapeutic intervention of the immune system.</subfield>
   </datafield>
   <datafield ind1="8" ind2=" " tag="024">
      <subfield code="a">Dasiel O. Borroto-Escuela, Gloria García-Negredo, Pere Garriga, Kjell Fuxe, Francisco Ciruela, The M5 muscarinic acetylcholine receptor third intracellular loop regulates receptor function and oligomerization, Biochimica et Biophysica Acta (BBA) - Molecular Cell Research, Volume 1803, Issue 7, 2010, Pages 813-825, ISSN 0167-4889, https://doi.org/10.1016/j.bbamcr.2010.04.002. (https://www.sciencedirect.com/science/article/pii/S0167488910001084)</subfield>
   </datafield>
   <datafield ind1="8" ind2=" " tag="024">
      <subfield code="a">0167-4889</subfield>
   </datafield>
   <datafield ind1="8" ind2=" " tag="024">
      <subfield code="a">https://doi.org/10.5281/zenodo.13860037</subfield>
   </datafield>
   <datafield ind1="8" ind2=" " tag="024">
      <subfield code="a">https://hdl.handle.net/10630/45001</subfield>
   </datafield>
   <datafield ind1="8" ind2=" " tag="024">
      <subfield code="a">10.1016/j.bbamcr.2010.04.002</subfield>
   </datafield>
   <datafield tag="653" ind2=" " ind1=" ">
      <subfield code="a">Proteínas G</subfield>
   </datafield>
   <datafield tag="653" ind2=" " ind1=" ">
      <subfield code="a">Receptores colinérgicos</subfield>
   </datafield>
   <datafield tag="653" ind2=" " ind1=" ">
      <subfield code="a">Neurorreceptores</subfield>
   </datafield>
   <datafield ind2="0" ind1="0" tag="245">
      <subfield code="a">The M5 muscarinic acetylcholine receptor third intracellular loop regulates receptor function and oligomerization</subfield>
   </datafield>
</record>
</metadata></record></GetRecord></OAI-PMH>